Curso de 1912 a 1913 (Record no. 93651)

MARC details
000 -LEADER
campo de control de longitud fija 00727nam a2200181 i 4500
001 - NÚMERO DE CONTROL
campo de control 93651
003 - IDENTIFICADOR DE NÚMERO DE CONTROL
campo de control ES-MaACL
005 - FECHA Y HORA DE LA ÚLTIMA TRANSACCIÓN
campo de control 20230906181303.0
007 - CAMPO FIJO DE DESCRIPCIÓN FÍSICA--INFORMACIÓN GENERAL
campo de control de longitud fija t|
008 - DATOS DE LONGITUD FIJA--INFORMACIÓN GENERAL
campo de control de longitud fija 050415s1914 sp ||||1| spa d
100 1# - ENTRADA PRINCIPAL--NOMBRE DE PERSONA
Nombre de persona López Barrera, Joaquín.
9 (RLIN) 73443
110 2# - ENTRADA PRINCIPAL--NOMBRE DE ENTIDAD CORPORATIVA
Nombre de entidad corporativa o nombre de jurisdicción como elemento de entrada Instituto General y Técnico de Cuenca
-- -Memorias.
9 (RLIN) 137426
245 10 - MENCIÓN DEL TÍTULO
Título Curso de 1912 a 1913
Resto del título : Instituto General y Técnico de Cuenca : memoria leída el día 1.º de octubre de 1912 en la solemne apertura del curso /
Mención de responsabilidad, etc. por Joaquín López Barrera.
260 ## - PUBLICACIÓN, DISTRIBUCIÓN, ETC.
Lugar de publicación, distribución, etc. Cuenca :
Nombre del editor, distribuidor, etc. [s.n.],
Fecha de publicación, distribución, etc. 1914 (
Fabricante Imp. y Librería de Celedonio León)
300 ## - DESCRIPCIÓN FÍSICA
Extensión 52 p. ;
Dimensiones 21 cm.
710 2# - ENTRADA AGREGADA--NOMBRE DE ENTIDAD CORPORATIVA
Nombre de entidad corporativa o nombre de jurisdicción como elemento de entrada Instituto General y Técnico de Cuenca.
9 (RLIN) 137426
852 ## - LOCALIZACIÓN
Ubicación ES-MaACL
Número de control de estantería T-1408-F-8
Holdings
Estatus retirado Estado de pérdida Estado de daño No para préstamo Colección Biblioteca de origen Biblioteca actual Ubicación en estantería Fecha de adquisición Fuente de adquisición Total de préstamos Signatura topográfica completa Código de barras Visto por última vez Precio de reemplazo Tipo de ítem Koha
        Colección de folletos Biblioteca del Ateneo de Madrid Biblioteca del Ateneo de Madrid Depósito folletos 17/01/2008     T-1408-F-8 1097798 23/02/2023 23/02/2023 Folleto